000 01015cam a2200301 4500
001 23562
003 BD-RjUL
005 20211209000938.0
008 140311s1968 enkabcfj b 000 0beng
020 _a0249439727
035 _a(BD-RjUL)23627
040 _aDLC
_cDLC
_dDLC
_dBD-RjUL
_beng
041 _aeng
082 0 0 _a942.0640924
_bYOO 1968
100 1 _aYoung, Peter,
_d1915-1988.
_972527
245 0 0 _aOliver Cromwell /
_cBy Peter Young.
260 _aLondon :
_bMorgan-Grampian,
_c1968.
300 _a[4], 92 p., 8 plates. :
_billus. ;
_c22 cm.
490 0 _aInternational profiles
504 _aBibliography: p. 92.
600 1 0 _aCromwell, Oliver,
_d1599-1658
_970332
650 0 _aHeads of state
_zGreat Britain
_vBiography
_vJuvenile literature.
_972528
650 0 _aGenerals
_zGreat Britain
_vBiography
_vJuvenile literature.
_972529
651 0 _aGreat Britain
_xHistory
_yPuritan Revolution, 1642-1660
_vJuvenile literature.
_972530
942 _2ddc
_cBK
999 _c23562
_d23562